| 000 | 00753nam a22002177a 4500 | ||
|---|---|---|---|
| 005 | 20100807153421.0 | ||
| 010 | _aENG-98890 | ||
| 020 |
_a9788190959414 _c150.00 |
||
| 035 | _aEN-82422 | ||
| 037 | _bDBAD/PUB | ||
| 082 | _a881 | ||
| 100 |
_aAyyanaar, Boutha _98771 |
||
| 245 |
_aRooms : _bmension musings / _cby Boutha Ayyanaar; translated by Iatha Ramakrishnan |
||
| 260 |
_aKarur _bMeenal Publishing House _c2009 |
||
| 270 |
_aMullai illam, TKP Complex, Sunga Gate _bKarur _e639005 |
||
| 300 |
_a72p. _c21cm (pbk) |
||
| 650 |
_aEnglish poetry _98772 |
||
| 700 |
_aRamakrishnan, Latha _98773 |
||
| 942 |
_2ddc _cEN _h881 _mAYY |
||
| 999 |
_c40150 _d40150 |
||